ফরিদপুরের ইতিহাস / (Record no. 30859)

MARC details
000 -LEADER
fixed length control field 00894nam a22002177a 4500
003 - CONTROL NUMBER IDENTIFIER
control field BDDh-ASL
005 - DATE AND TIME OF LATEST TRANSACTION
control field 20231015031211.0
008 - FIXED-LENGTH DATA ELEMENTS--GENERAL INFORMATION
fixed length control field 230306s2007 b ||||| |||| 00| 0 b d
040 ## - CATALOGING SOURCE
Transcribing agency BDDh-ASL
041 ## - LANGUAGE CODE
Language code of text/sound track or separate title bengali
082 ## - DEWEY DECIMAL CLASSIFICATION NUMBER
Classification number 954.92211
Item number FAR
100 1# - MAIN ENTRY--PERSONAL NAME
Personal name রায়, আনন্দনাথ
9 (RLIN) 7406
245 00 - TITLE STATEMENT
Title ফরিদপুরের ইতিহাস /
Statement of responsibility, etc. আনন্দনাথ রায়; তপন বাগচী (সম্পা.)
246 ## - VARYING FORM OF TITLE
Title proper/short title Faridpurer Itihas.
260 ## - PUBLICATION, DISTRIBUTION, ETC.
Place of publication, distribution, etc. ঢাকা:
Name of publisher, distributor, etc. বইপত্র,
Date of publication, distribution, etc. ২০০৭।
300 ## - PHYSICAL DESCRIPTION
Extent ৪৮০ পৃষ্ঠা:
Dimensions ২২ সে.মি.
650 #0 - SUBJECT ADDED ENTRY--TOPICAL TERM
Topical term or geographic name entry element History (ইতিহাস)
9 (RLIN) 4586
651 #0 - SUBJECT ADDED ENTRY--GEOGRAPHIC NAME
Geographic name Faridpur (ফরিদপুর)
Geographic subdivision Bangladesh (বাংলাদেশ)
General subdivision Bangladesh (বাংলাদেশ)
9 (RLIN) 7407
700 1# - ADDED ENTRY--PERSONAL NAME
Personal name বাগচী, তপন
Titles and other words associated with a name ড.
9 (RLIN) 1717
942 ## - ADDED ENTRY ELEMENTS (KOHA)
Source of classification or shelving scheme Dewey Decimal Classification
Koha item type Books
Holdings
Withdrawn status Lost status Source of classification or shelving scheme Damaged status Not for loan Collection code Home library Current library Shelving location Date acquired Source of acquisition Total Checkouts Full call number Barcode Date last seen Copy number Price effective from Koha item type
    Dewey Decimal Classification     Non-fiction Asiatic Society Library Asiatic Society Library Wakil Ahmed Collection 03/06/2023 Donated by Prof. Wakil Ahmed   954.92211 FAR 119400 03/06/2023 C-1 03/06/2023 Books

Powered by Koha